000 01143cam a2200289 i 4500
001 16818
003 DO-SdUEMH
005 20260216164726.0
007 ta
008 211105s2009 mx ||||gr|||| 001 0 spa|d
020 _a9786074420487
040 _aDO-SdUEMH
_bspa
_erda
041 _aspa
_heng
082 1 4 _mCG
_a510
_bM425m
084 _b16-00093
100 _eaut
245 1 0 _aMatemáticas universitarias introductorias con nivelador Mymathlab tutor interactivo online /
_cFranklin D. Demana Bert K. Foley Daniel Kennedy, Robert Blitzer ; traducción: Víctor Hugo Ibarra Mercado Javier Enríquez Brito
264 0 1 _aMéxico :
_bPearson Educación,
_c2009
264 4 _c©2009
300 _axi, 422 páginas :
_bilustraciones ;
_c28 cm.
336 _2rdacontent
_atexto
_btxt
337 _2rdamedia
_asin mediación
_bn
338 _2rdacarrier
_avolumen
_bnc
505 2 _aÁlgebra -- Teoría de ecuaciones y desigualdades -- Desigualdades -- Funciones trigonométricas -- Geometría analítica -- Funciones -- Cálculo -- Principios del álgebra lineal -- Principios del conteo -- Probabilidad.
942 _2ddc
_cBK
_n0
999 _c16818
_d16818